000 00512 a2200193 4500
003 OSt
005 20180116182804.0
008 170809b xxu||||| |||| 00| 0 eng d
020 _a0
040 _c0
082 _a338.5 VAR 2002
100 _aHal R. Varian
245 _aIntermediate Microeconomics
_bA Modern Approach
_cHal R. Varian
250 _a6th Ed.
260 _aIndia
_bNorton
_c2002
300 _a608+50 Aprox
_bpb
440 _aIntermediate Microeconomics
942 _aNBS
_cBK
_k338.5 VAR 2002
_2ddc
999 _c345990
_d345990